Tin học 12 : Sách giáo viên
Gồm 4 chương: khái niệm về hệ cơ sở dữ liệu, hệ quản trị cơ sở dữ liệu microsoft access, hệ cơ sở dữ liệu quan hệ, kiến trúc và bảo mật các hệ cơ sở dữ liệu
Αποθηκεύτηκε σε:
| Κύριος συγγραφέας: | |
|---|---|
| Μορφή: | Βιβλίο |
| Γλώσσα: | Undetermined |
| Έκδοση: |
Hà Nội
Giáo dục Việt Nam
2013
|
| Θέματα: | |
| Ετικέτες: |
Προσθήκη ετικέτας
Δεν υπάρχουν, Καταχωρήστε ετικέτα πρώτοι!
|
| Thư viện lưu trữ: | Trung tâm Học liệu Trường Đại học Cần Thơ |
|---|
| LEADER | 00922nam a2200229Ia 4500 | ||
|---|---|---|---|
| 001 | CTU_236787 | ||
| 008 | 210402s9999 xx 000 0 und d | ||
| 020 | |c 7400 | ||
| 082 | |a 005.0712 | ||
| 082 | |b Đ104 | ||
| 100 | |a Hồ, Sĩ Đàm | ||
| 245 | 0 | |a Tin học 12 : | |
| 245 | 0 | |b Sách giáo viên | |
| 245 | 0 | |c Hồ Sĩ Đàm (Chủ biên) | |
| 260 | |a Hà Nội | ||
| 260 | |b Giáo dục Việt Nam | ||
| 260 | |c 2013 | ||
| 520 | |a Gồm 4 chương: khái niệm về hệ cơ sở dữ liệu, hệ quản trị cơ sở dữ liệu microsoft access, hệ cơ sở dữ liệu quan hệ, kiến trúc và bảo mật các hệ cơ sở dữ liệu | ||
| 650 | |a Computers,Tin học | ||
| 650 | |x Study and teaching (Secondary),Dạy và học (Trung học) | ||
| 904 | |i Hải | ||
| 980 | |a Trung tâm Học liệu Trường Đại học Cần Thơ | ||